Propuesta de procedimiento para la administración de trabajos en la Sección Taller Anonos de la Compañia Nacional de Fuerza y Luz,S.A
Guardat en:
| Autor principal: | |
|---|---|
| Format: | Llibre |
| Publicat: |
San José, Costa Rica
1991
|
| Matèries: | |
| Etiquetes: |
Afegir etiqueta
Sense etiquetes, Sigues el primer a etiquetar aquest registre!
|
MARC
| LEADER | 00000nam a2200000Ia 4500 | ||
|---|---|---|---|
| 003 | 005236 | ||
| 005 | 20221231144327.0 | ||
| 008 | 140114s1989 cr a m 000 ||s d | ||
| 040 | |c cru CEDI | ||
| 090 | |a TFG 2491 | ||
| 100 | |a Gómez Abarca, Enrique A |9 12722 | ||
| 245 | |a Propuesta de procedimiento para la administración de trabajos en la Sección Taller Anonos de la Compañia Nacional de Fuerza y Luz,S.A | ||
| 260 | |c 1991 |a San José, Costa Rica | ||
| 300 | |a xvi, 210 hojas : ilustraciones (algunas plegables) ; 27 cm | ||
| 500 | |a Práctica dirigida (licenciatura en ingeniería mecánica)--Universidad de Costa Rica. Facultad de Ingeniería. Escuela de Ingeniería Mecánica | ||
| 650 | |x COMPAÑIA NACIONAL DE FUERZA Y LUZ (COSTA RICA) |x SECCION TALLER ANONOS |x ADMINISTRACION |9 12723 | ||
| 942 | |c TFG | ||
| 999 | |c 20221 |d 20221 | ||
